[Event "East Detroit (MCO/6/40)"]
[Site "?"]
[Date "1984.??.??"]
[Round "?"]
[White "Clark, K.."]
[Black "Becker, A.."]
[Result "1/2-1/2"]
[WhiteElo "1605"]
[BlackElo "1665"]
[PlyCount "38"]
[EventDate "1984.??.??"]

{6/(40)} 1. e4 c5 2. Nf3 e6 3. d4 a6 4. a4 d5 5. Nc3 Nf6 6. Bg5 h6 7. Bxf6 gxf6
8. exd5 exd5 9. dxc5 Bxc5 10. Qxd5 Qb6 11. O-O-O O-O 12. Ne4 Bxf2 13. Nxf2 Qxf2
14. Bd3 Nc6 15. Rhf1 Qe3+ 16. Kb1 Be6 17. Qe4 Qxe4 18. Bxe4 Rad8 19. Bxc6 bxc6
{[Remainder illegible; 1/2-1/2, 60?]} 1/2-1/2

[Event "East Detroit (MCO/3/45)"]
[Site "?"]
[Date "1984.??.??"]
[Round "?"]
[White "Choyke, J.."]
[Black "Swartz, J.."]
[Result "1-0"]
[WhiteElo "1605"]
[BlackElo "1605"]
[PlyCount "69"]
[EventDate "1984.??.??"]

{3/(45)} 1. d4 d5 2. c4 e6 3. Nf3 Bb4+ 4. Bd2 c5 5. Bxb4 cxb4 6. Qa4+ Nc6 7.
Ne5 Nge7 8. e3 f6 9. Nxc6 Nxc6 10. Nd2 O-O 11. cxd5 Qxd5 12. Qb3 Qh5 13. Be2
Qg6 14. O-O a5 15. Bc4 f5 16. a4 f4 17. Kh1 b6 18. d5 Nd8 19. dxe6 Bxe6 20.
Bxe6+ Nxe6 21. exf4 Rxf4 22. Rae1 Rf6 23. f4 Re8 24. Ne4 Rf5 25. Nd6 Re7 26.
Nxf5 Qxf5 27. Re5 Qf6 28. Rd1 Qxf4 29. Rxe6 Kf8 30. Rd8+ Kf7 31. Rxe7+ Kxe7 32.
Qd1 Qc7 33. Rd3 Qc6 34. Re3+ Kf7 35. Qf3+ 1-0

[Event "Plymouth (MI Op/1a/35)"]
[Site "?"]
[Date "1984.??.??"]
[Round "?"]
[White "Choyke, J.."]
[Black "Praedel, R.."]
[Result "0-1"]
[WhiteElo "1605"]
[BlackElo "1605"]
[PlyCount "104"]
[EventDate "1984.??.??"]

1. d4 Nf6 2. c4 g6 3. Nc3 d5 4. Nf3 Bg7 5. Qb3 c6 6. cxd5 cxd5 7. Bf4 a6 8. h3
O-O 9. e3 Nc6 10. Bd3 Re8 11. O-O b5 12. a4 b4 13. Na2 a5 14. Bb5 Bd7 15. Rfc1
Qb6 16. Rc2 e6 17. Rac1 Rac8 18. Ne5 Nxe5 19. Rxc8 Rxc8 20. Rxc8+ Bxc8 21. Bxe5
Ba6 22. Bxa6 Qxa6 23. Nxb4 Qb6 24. Qc3 Qxb4 25. Qc8+ Qf8 26. Qxf8+ Kxf8 27. Bc7
Ke7 28. Bxa5 Ne4 29. b4 Kd7 30. b5 Nd6 31. Kf1 Nc4 32. Bb4 Bf6 33. Ke2 Bd8 34.
Kd3 Nb2+ 35. Kc3 Nxa4+ 36. Kb3 Nb6 37. Ba5 Kc7 38. Kb4 Be7+ 39. Kb3 Kb7 40. Bb4
Bxb4 41. Kxb4 Nc4 42. Kc5 f5 43. Kb4 Kb6 44. g3 Nd6 45. f3 Nxb5 46. f4 Nd6 47.
Kc3 Ne4+ 48. Kd3 Nxg3 49. h4 Kb5 50. Kc3 Ne4+ 51. Kd3 h6 52. Ke2 Kc4 0-1

[Event "East Detroit (MCO/1/44)"]
[Site "?"]
[Date "1984.??.??"]
[Round "?"]
[White "Choyke, J.."]
[Black "Lehotzky, Attila"]
[Result "0-1"]
[WhiteElo "1605"]
[BlackElo "2020"]
[PlyCount "46"]
[EventDate "1984.??.??"]

{1/(44)} 1. d4 Nf6 2. c4 e6 3. g3 c5 4. Nf3 cxd4 5. Nxd4 d5 6. Bg2 Bb4+ 7. Bd2
Bxd2+ 8. Qxd2 O-O 9. cxd5 Nxd5 10. e4 Nb6 11. O-O Qf6 12. Rd1 Rd8 13. f4 e5 14.
fxe5 Qxe5 15. Na3 Bg4 16. Nac2 Bxd1 17. Rxd1 Nc6 18. b3 Nxd4 19. Nxd4 Rd7 20.
Qf2 Rad8 21. Rf1 Qxd4 22. Kh1 Qxf2 23. Rxf2 Rd1+ 0-1

[Event "Plymouth (MI Op/3/81)"]
[Site "?"]
[Date "1984.??.??"]
[Round "?"]
[White "Choyke, J.."]
[Black "Davis, J.."]
[Result "0-1"]
[WhiteElo "1605"]
[BlackElo "1750"]
[PlyCount "94"]
[EventDate "1984.??.??"]

{3/(81)} 1. d4 Nf6 2. c4 e6 3. g3 d5 4. Bg2 c6 5. Nf3 dxc4 6. O-O Be7 7. Ne5
O-O 8. Nxc4 Nbd7 9. a4 Re8 10. Nc3 Nf8 11. e4 N6d7 12. Be3 Nb6 13. Nxb6 Qxb6
14. Qc2 Qa5 15. Rfd1 Bb4 16. f4 a6 17. e5 Rb8 18. Be4 Bd7 19. Bd3 Rec8 20. Kg2
c5 21. dxc5 h6 22. Ne4 Bc6 23. Rdc1 Bxe4+ 24. Bxe4 Nd7 25. c6 bxc6 26. Qd1 Rd8
27. Qf3 c5 28. Rc2 Nb6 29. Qe2 Nd5 30. Bd2 Bxd2 31. Bxd5 Rxd5 32. Rd1 Rbd8 33.
b3 Bc3 34. Rxd5 Rxd5 35. Qc4 Bb4 36. Kh3 Qb6 37. Kg4 a5 38. h4 Qb7 39. Qe4 Qe7
40. Rc4 f5+ 41. exf6 Qxf6 42. h5 Qf5+ 43. Kf3 Rd3+ 44. Kg2 Rxb3 45. g4 Qxg4+
46. Kf2 Qh4+ 47. Ke2 Qe1# 0-1

[Event "Plymouth (MI Op/6/84)"]
[Site "?"]
[Date "1984.??.??"]
[Round "?"]
[White "Choyke, J.."]
[Black "Carpenter, T.."]
[Result "1/2-1/2"]
[WhiteElo "1605"]
[BlackElo "1605"]
[PlyCount "87"]
[EventDate "1984.??.??"]

{6/(84)} 1. d4 g6 2. c4 Bg7 3. Nc3 Nc6 4. Nf3 Nf6 5. e4 O-O 6. e5 Ng4 7. Bf4 d6
8. exd6 cxd6 9. Qd2 e5 10. dxe5 dxe5 11. Bg5 f6 12. Bh4 Re8 13. O-O-O e4 14.
Qxd8 Nxd8 15. Nxe4 Bf5 16. Nd6 Re6 17. Nxf5 gxf5 18. Nd4 Re5 19. Bd3 Bh6+ 20.
Kc2 Bg5 21. Bxg5 fxg5 22. Rdf1 Nc6 23. Nf3 Nb4+ 24. Kc3 Nxd3 25. Kxd3 Ra5 26.
h3 Ne5+ 27. Nxe5 Rd8+ 28. Kc3 Rxe5 29. f4 Re3+ 30. Kb4 Rd2 31. fxg5 Rxb2+ 32.
Kc5 Rxg2 33. Rxf5 Rxa2 34. Rhf1 Ra5+ 35. Kd4 Rxf5 36. Rxf5 Rxh3 37. Ra5 a6 38.
Kc5 h6 39. g6 Rh1 40. Kb6 Rc1 41. Kxb7 Rxc4 42. Kxa6 Rc6+ 43. Kb7 Rxg6 44. Rh5
1/2-1/2

[Event "East Detroit (MCO/5/23)"]
[Site "?"]
[Date "1984.??.??"]
[Round "?"]
[White "Charison, M.."]
[Black "Sveen, L.."]
[Result "0-1"]
[WhiteElo "1605"]
[BlackElo "1835"]
[PlyCount "130"]
[EventDate "1984.??.??"]

{5/(23)} 1. e4 e6 2. d4 d5 3. Nc3 Bb4 4. e5 c5 5. Nf3 Nc6 6. dxc5 Bxc3+ 7. bxc3
Qa5 8. Qd2 Qxc5 9. Qe3 Qxe3+ 10. Bxe3 Nge7 11. Bd3 Bd7 12. Bf4 O-O 13. Nd4 Ng6
14. Bxg6 fxg6 15. Bg3 Na5 16. Nb3 Nc4 17. Nc5 Bc8 18. h4 b6 19. Nb3 Bd7 20. Nd4
Rac8 21. Ke2 Nb2 22. Rab1 Na4 23. Rb3 Nxc3+ 24. Ke3 Ne4 25. Rh3 Rc3+ 26. Rxc3
Nxc3 27. a3 Nb1 28. a4 Nc3 29. Rh1 Nxa4 30. Ra1 b5 31. f4 Rc8 32. Be1 Kf7 33.
Bb4 a6 34. g4 h5 35. g5 Rc4 36. c3 Nxc3 37. Nc2 Na4 38. Ra2 Re4+ 39. Kf3 Rc4
40. Ke3 Bc8 41. Bd2 Nc3 42. Ra1 Ne4 43. Na3 Nxd2 44. Kxd2 Rc7 45. Nc2 Ke7 46.
Nb4 Kd8 47. Ra2 Rc4 48. Nxa6 Ra4 49. Rxa4 bxa4 50. Nb4 Kc7 51. Kc3 Kb6 52. Nc2
Kc5 53. Nd4 Bd7 54. Nc2 Bc8 55. Nd4 a3 56. Nb3+ Kb5 57. Nd4+ Ka4 58. Nb3 a2 59.
Kb2 Kb4 60. Kxa2 Kc3 61. Nc5 Kd4 62. Nb3+ Ke4 63. Kb2 Kxf4 64. Kc3 Kxe5 65. Nd4
Kf4 0-1

[Event "East Detroit (MCO/1/12)"]
[Site "?"]
[Date "1984.??.??"]
[Round "?"]
[White "Charison, M.."]
[Black "Groeller, W.."]
[Result "0-1"]
[WhiteElo "1605"]
[BlackElo "2075"]
[PlyCount "58"]
[EventDate "1984.??.??"]

{1/(12)} 1. e4 c5 2. Nc3 Nc6 3. f4 g6 4. Nf3 Bg7 5. Bc4 e6 6. O-O Nge7 7. f5
gxf5 8. d3 O-O 9. Ng5 f6 10. Nh3 Ne5 11. Bb3 fxe4 12. dxe4 c4 13. Ba4 a6 14.
Kh1 b5 15. Nxb5 axb5 16. Bxb5 Qb6 17. a4 Ba6 18. Bxa6 Rxa6 19. b3 cxb3 20. cxb3
Rb8 21. Ba3 N7g6 22. b4 Nc4 23. b5 Ra7 24. Bb4 Ne3 25. Qd6 Nxf1 26. Qxb6 Rxb6
27. Bc5 Rxa4 28. Bxb6 Rxa1 29. Ng1 Rb1 0-1

[Event "East Detroit (MCO/3/22)"]
[Site "?"]
[Date "1984.??.??"]
[Round "?"]
[White "Charison, M.."]
[Black "Gipson, John"]
[Result "0-1"]
[WhiteElo "1605"]
[BlackElo "1920"]
[PlyCount "44"]
[EventDate "1984.??.??"]

{3/(22)} 1. e4 e6 2. d4 d5 3. Nc3 Nf6 4. Bg5 Be7 5. Bxf6 Bxf6 6. e5 Be7 7. Qg4
Bf8 8. f4 a6 9. Nf3 c5 10. dxc5 Qa5 11. Bd3 Qxc5 12. O-O-O Bd7 13. f5 Nc6 14.
fxe6 Bxe6 15. Bf5 Bxf5 16. Qxf5 Ne7 17. Qg4 Rd8 18. Nd4 g6 19. e6 f5 20. Qf4
Bg7 21. h4 h5 22. Nce2 Bh6 0-1

[Event "East Detroit (MCO/1/13)"]
[Site "?"]
[Date "1984.??.??"]
[Round "?"]
[White "Carroll, Deuvoy"]
[Black "Nowicki, B.."]
[Result "1-0"]
[WhiteElo "2065"]
[BlackElo "1605"]
[PlyCount "71"]
[EventDate "1984.??.??"]

{1/(13)} 1. d4 Nf6 2. Nf3 e6 3. Bg5 d5 4. Nbd2 Be7 5. e3 Nc6 6. c3 a6 7. Bd3
Nh5 8. Bxe7 Qxe7 9. Qe2 f5 10. Ne5 Nxe5 11. dxe5 g6 12. O-O-O c5 13. h3 c4 14.
Bc2 Qc7 15. g4 Ng7 16. f4 Qa5 17. Kb1 Bd7 18. Nf3 Ba4 19. Nd4 Bd7 20. Rhg1 Qc5
21. gxf5 exf5 22. Rd2 Ne6 23. h4 Nxd4 24. exd4 Qe7 25. h5 Rg8 26. Rg5 O-O-O 27.
Qg2 Qe6 28. Bd1 b5 29. Bf3 Bc6 30. Qh3 Be8 31. Rdg2 Bf7 32. R5g3 Kc7 33. Qh4
Rde8 34. hxg6 Bxg6 35. a3 Re7 36. Bxd5 1-0

[Event "East Detroit (MCO/3/2)"]
[Site "?"]
[Date "1984.??.??"]
[Round "?"]
[White "Carroll, Deuvoy"]
[Black "Findlay, I.."]
[Result "1-0"]
[WhiteElo "2065"]
[BlackElo "2340"]
[PlyCount "63"]
[EventDate "1984.??.??"]

{3/(2)} 1. d4 Nf6 2. Nf3 c5 3. c3 e6 4. Bg5 Qb6 5. Qc2 Ne4 6. Bh4 d5 7. e3 Nc6
8. Nbd2 Bd6 9. Nxe4 dxe4 10. Nd2 f5 11. Nc4 Qc7 12. Nxd6+ Qxd6 13. Bg3 Qe7 14.
dxc5 Qxc5 15. Rd1 e5 16. Qb3 Qe7 17. Bc4 Rf8 18. f4 exf3 19. O-O fxg2 20. Rf2
g5 21. Rxg2 f4 22. exf4 gxf4 23. Bf2 Bh3 24. Bh4 Qxh4 25. Qxb7 Rc8 26. Rg7 Qf6
27. Rdd7 Rd8 28. Rxd8+ Kxd8 29. Qc7+ Ke8 30. Bb5 Rf7 31. Rg8+ Rf8 32. Bxc6+ 1-0

[Event "East Detroit (MCO/4/1)"]
[Site "?"]
[Date "1984.??.??"]
[Round "?"]
[White "Carroll, Deuvoy"]
[Black "Blocker, C.."]
[Result "1-0"]
[WhiteElo "2065"]
[BlackElo "2475"]
[PlyCount "121"]
[EventDate "1984.??.??"]

{4/(1)} 1. Nf3 Nf6 2. d4 g6 3. c3 Bg7 4. Bg5 O-O 5. Nbd2 h6 6. Bxf6 Bxf6 7. e3
d6 8. Bd3 Bg7 9. O-O e5 10. Qb3 Qe7 11. Bxg6 Be6 12. d5 Bc8 13. Bc2 f5 14. Rad1
Nd7 15. Bb1 a5 16. Rfe1 Nc5 17. Qc2 Bd7 18. Nf1 Rf7 19. Ng3 e4 20. Nd4 Nd3 21.
Re2 Kh8 22. f3 Bxd4 23. cxd4 Bb5 24. Qb3 Qe8 25. fxe4 Nb4 26. Rde1 Bxe2 27.
Rxe2 fxe4 28. Bxe4 Re7 29. Bb1 Qf7 30. Nf5 Rd7 31. e4 Qh5 32. Re3 Qg5 33. h4
Qf4 34. a3 Na6 35. Re1 Rg8 36. Qe3 Qxe3+ 37. Rxe3 c5 38. dxc5 Nxc5 39. Nxh6 Rg6
40. Nf5 Rc7 41. Kf2 Nd7 42. h5 Rg5 43. Rh3 Rc1 44. Nxd6 Ne5 45. Bd3 b6 46. Be2
Rc2 47. Rb3 Rxh5 48. Rxb6 Rh1 49. Nf5 Rb1 50. b4 Rb3 51. bxa5 Rxa3 52. Rb1 Ng4+
53. Kf1 Nf6 54. Bf3 Rxa5 55. Rd1 Ra7 56. e5 Rh7 57. Kg1 Nd7 58. e6 Ne5 59. d6
Rc8 60. e7 Nd7 61. Bc6 1-0

[Event "Plymouth (MI Op/4/79)"]
[Site "?"]
[Date "1984.??.??"]
[Round "?"]
[White "Carpenter, T.."]
[Black "Vandenburg, V.E.."]
[Result "0-1"]
[WhiteElo "1605"]
[BlackElo "1640"]
[PlyCount "118"]
[EventDate "1984.??.??"]

{4/(79)} 1. e4 e6 2. Nf3 a6 3. Bc4 b5 4. Bb3 Bb7 5. d3 c5 6. O-O c4 7. dxc4
Bxe4 8. cxb5 axb5 9. Nc3 Bc6 10. Ne5 b4 11. Nxc6 Nxc6 12. Nb5 d5 13. Bf4 Rc8
14. c3 Nf6 15. cxb4 Bxb4 16. Ba4 O-O 17. Rc1 e5 18. Be3 d4 19. Bd2 Be7 20. a3
e4 21. Bf4 Nd5 22. Bg3 Qb6 23. Rc4 f5 24. Nxd4 Na5 25. Rxc8 Rxc8 26. Nxf5 Rd8
27. Qd4 Qxd4 28. Nxd4 Nb6 29. Nc6 Nxc6 30. Bxc6 Nc4 31. Bxe4 Nd2 32. Rd1 Nxe4
33. Rxd8+ Bxd8 34. Bf4 Bb6 35. Be3 Bxe3 36. fxe3 Kf7 37. b4 Ke6 38. b5 Nc5 39.
b6 Kd6 40. a4 Nxa4 41. b7 Kc7 42. Kf2 Kxb7 43. Kf3 Kc6 44. Kf4 Kd6 45. Kf5 Nb6
46. g4 Nd7 47. e4 g6+ 48. Kf4 h6 49. g5 h5 50. h4 Ke6 51. Kf3 Ke5 52. Ke3 Nc5
53. Kf3 Nxe4 54. Kg2 Nd6 55. Kg3 Nf5+ 56. Kh3 Kf4 57. Kh2 Nxh4 58. Kh3 Kxg5 59.
Kh2 Kf4 0-1

[Event "Plymouth (MI Op/7/79)"]
[Site "?"]
[Date "1984.??.??"]
[Round "?"]
[White "Carpenter, T.."]
[Black "King, J.."]
[Result "1/2-1/2"]
[WhiteElo "1605"]
[BlackElo "1605"]
[PlyCount "50"]
[EventDate "1984.??.??"]

{7/(79)} 1. e4 c5 2. Nf3 Nc6 3. Bc4 d6 4. d3 e5 5. Bg5 Be7 6. Be3 Bg4 7. h3 Bh5
8. g4 Bg6 9. Nc3 h5 10. g5 Qa5 11. Qd2 Rb8 12. O-O-O b5 13. Bxb5 Rxb5 14. Nxb5
Qxb5 15. Rhg1 Bd8 16. Nh4 Nge7 17. Nxg6 Nxg6 18. c3 O-O 19. d4 cxd4 20. cxd4
Qc4+ 21. Qc3 Qxc3+ 22. bxc3 Nf4 23. d5 Ne2+ 24. Kc2 Nxg1 25. Rxg1 Na5 1/2-1/2

[Event "Plymouth (MI Op/1a/41)"]
[Site "?"]
[Date "1984.??.??"]
[Round "?"]
[White "Carpenter, T.."]
[Black "DeJongh, John"]
[Result "0-1"]
[WhiteElo "1605"]
[BlackElo "1605"]
[PlyCount "62"]
[EventDate "1984.??.??"]

1. e4 e5 2. Nf3 Nc6 3. Bb5 a6 4. Ba4 Nf6 5. Nc3 b5 6. Bb3 Be7 7. Ng5 O-O 8. Nd5
Nxd5 9. exd5 Nd4 10. d3 Bxg5 11. Bxg5 Qxg5 12. Qd2 Qxd2+ 13. Kxd2 d6 14. a4
Nxb3+ 15. cxb3 Bb7 16. Rhc1 Rfc8 17. axb5 axb5 18. Rxa8 Bxa8 19. Ra1 Bxd5 20.
Ra5 c6 21. b4 Bxg2 22. Ke1 g5 23. Ra7 d5 24. Ke2 Kf8 25. d4 exd4 26. Kd3 c5 27.
bxc5 Rxc5 28. Ra8+ Kg7 29. Kxd4 Rc4+ 30. Ke5 Rb4 31. Ra2 d4 0-1

[Event "Plymouth (MI Op/6/66)"]
[Site "?"]
[Date "1984.??.??"]
[Round "?"]
[White "Carpenter, O.."]
[Black "Serlin, R.."]
[Result "0-1"]
[WhiteElo "1605"]
[BlackElo "1605"]
[PlyCount "41"]
[EventDate "1984.??.??"]

{6/(66)} 1. c4 e5 2. g3 Bc5 3. Nc3 Nf6 4. e4 d6 5. Bg2 Ng4 6. Nh3 O-O 7. O-O
Nc6 8. Bf3 Nf6 9. Bg2 Bg4 10. Qc2 h6 11. Kh1 Nd4 12. Qd3 Qd7 13. Ng1 Nh7 14. h3
Be6 15. Kh2 f5 16. Nge2 Ng5 17. Nxd4 Bxd4 18. Qe2 f4 19. Qd3 Bxh3 20. Bxh3
Qxh3+ 21. Kg1 0-1

[Event "Plymouth (MI Op/3/63)"]
[Site "?"]
[Date "1984.??.??"]
[Round "?"]
[White "Carpenter, O.."]
[Black "Manion, Tom"]
[Result "0-1"]
[WhiteElo "1605"]
[BlackElo "1740"]
[PlyCount "132"]
[EventDate "1984.??.??"]

{3/(63)} 1. c4 e5 2. g3 Nf6 3. Nc3 Nc6 4. Bg2 Bc5 5. e3 Qe7 6. Nge2 O-O 7. O-O
a6 8. d4 Ba7 9. d5 Nd8 10. b3 d6 11. Kh1 Bd7 12. h3 h6 13. e4 Nh7 14. f4 f5 15.
exf5 Bxf5 16. g4 Bd7 17. f5 Qh4 18. Qe1 Qxe1 19. Rxe1 h5 20. Rf1 hxg4 21. hxg4
Nf7 22. Ng3 Nfg5 23. Nge4 Nxe4 24. Nxe4 Bd4 25. Rb1 Kf7 26. Bd2 Rh8 27. Bh3 Nf6
28. Ng5+ Ke7 29. Kg2 c5 30. Rbe1 b5 31. Rh1 Rab8 32. Ne4 Nxe4 33. Rxe4 bxc4 34.
bxc4 Rb2 35. Re2 Kf7 36. a4 Bc3 37. Rd1 Bxa4 38. Ra1 Rxd2 39. Rxd2 Bxd2 40.
Rxa4 a5 41. Ra1 Kf6 42. Rb1 Bb4 43. Rh1 Kg5 44. Kg3 a4 45. Ra1 a3 46. Bg2 Ra8
47. Ra2 Bc3 48. Be4 Bb2 49. Bc2 Rb8 50. Ba4 Rb4 51. Bb5 Rb3+ 52. Kf2 Rh3 53.
Ke2 Kf4 54. Kd2 Ke4 55. Kc2 Rc3+ 56. Kd2 Kd4 57. Ba6 e4 58. g5 e3+ 59. Ke2 Rc2+
60. Kf3 Rf2+ 61. Kg4 e2 62. f6 e1=Q 63. fxg7 Qe4+ 64. Kg3 Rf3+ 65. Kh2 Qe2+ 66.
Kg1 Rf1# 0-1

[Event "Plymouth (MI Op/4/74)"]
[Site "?"]
[Date "1984.??.??"]
[Round "?"]
[White "Carpenter, O.."]
[Black "Griffin, John"]
[Result "1-0"]
[WhiteElo "1605"]
[BlackElo "1605"]
[PlyCount "89"]
[EventDate "1984.??.??"]

{4/(74)} 1. c4 c5 2. g3 Nf6 3. Nc3 e6 4. Bg2 Nc6 5. e3 d5 6. cxd5 exd5 7. d4
Be6 8. Nf3 Rc8 9. h3 h6 10. O-O cxd4 11. Nxd4 Nxd4 12. Qxd4 Bc5 13. Qd1 O-O 14.
Ne2 Qd7 15. Kh2 Rfd8 16. Nd4 b6 17. b3 Ne4 18. Bb2 Bxd4 19. Bxd4 Ng5 20. h4 Ne4
21. Qe2 Nf6 22. f3 Ne8 23. Qb2 f6 24. Rac1 Qb7 25. Rc3 Nd6 26. Rfc1 Qb8 27.
Rxc8 Bxc8 28. Bxf6 gxf6 29. Qxf6 Nf7 30. Qe7 Qb7 31. Rc7 Rd7 32. Qe8+ Kg7 33.
Rxb7 Rxb7 34. Qxc8 Re7 35. Qg4+ Kf8 36. Qc8+ Re8 37. Qf5 Rxe3 38. Qc8+ Re8 39.
Qf5 Re5 40. Qf4 Re7 41. Bf1 Rd7 42. Qd4 Rc7 43. Qb4+ Ke8 44. Bb5+ Kd8 45. Qf8#
1-0

[Event "Plymouth (MI Op/3/42)"]
[Site "?"]
[Date "1984.??.??"]
[Round "?"]
[White "Carpenter, George"]
[Black "Riegel, P.."]
[Result "1/2-1/2"]
[WhiteElo "1605"]
[BlackElo "1875"]
[PlyCount "28"]
[EventDate "1984.??.??"]

{3/(42)} 1. Nf3 c5 2. d3 d5 3. g3 Nc6 4. Bg2 e6 5. O-O Nf6 6. Nbd2 Be7 7. Re1
O-O 8. c3 Qc7 9. e3 b5 10. Qe2 Rb8 11. e4 dxe4 12. Nxe4 Rd8 13. Bf4 e5 14.
Nxf6+ Bxf6 1/2-1/2

[Event "Plymouth (MI Op/6/74)"]
[Site "?"]
[Date "1984.??.??"]
[Round "?"]
[White "Carpenter, George"]
[Black "Patterson, M.."]
[Result "1-0"]
[WhiteElo "1605"]
[BlackElo "1605"]
[PlyCount "81"]
[EventDate "1984.??.??"]

{6/(74)} 1. Nf3 Nf6 2. d3 g6 3. g3 b6 4. Bg2 Bb7 5. O-O Bg7 6. e4 d6 7. c3 O-O
8. Be3 c5 9. Qd2 Nc6 10. Bh6 Qd7 11. Bxg7 Kxg7 12. Qe2 Rad8 13. Re1 Rfe8 14.
Nbd2 e6 15. Nc4 d5 16. e5 dxc4 17. exf6+ Kxf6 18. Ne5 Qd6 19. Qf3+ Kg7 20.
Qxf7+ Kh8 21. Nxg6+ hxg6 22. Qf6+ Kh7 23. Be4 Rg8 24. dxc4 Ba8 25. h4 Rdf8 26.
Qg5 Ne7 27. Rad1 Qc7 28. h5 Bxe4 29. Rxe4 Rf5 30. hxg6+ Rxg6 31. Qe3 Qc6 32. g4
Rfg5 33. f3 Qc7 34. Rxe6 Qg3+ 35. Kf1 Qh3+ 36. Ke2 Qg2+ 37. Kd3 Rxe6 38. Qxe6
Qxf3+ 39. Kc2 Qf2+ 40. Kb3 Rg7 41. Rh1+ 1-0

[Event "Plymouth (MI Op/4/48)"]
[Site "?"]
[Date "1984.??.??"]
[Round "?"]
[White "Carpenter, George"]
[Black "Darbro, D.."]
[Result "0-1"]
[WhiteElo "1605"]
[BlackElo "1850"]
[PlyCount "96"]
[EventDate "1984.??.??"]

{4/(48)} 1. Nf3 d5 2. d3 Nc6 3. g3 Nf6 4. Bg2 e6 5. O-O Bd6 6. Nbd2 h6 7. Re1
Bd7 8. e4 Bc5 9. c3 O-O 10. e5 Ne8 11. d4 Bb6 12. Nh4 Ne7 13. Ndf3 c5 14. Kh1
Nc6 15. Be3 cxd4 16. Nxd4 Nxe5 17. Bxh6 Qf6 18. f4 Qxh6 19. Rxe5 Nf6 20. f5 Bc7
21. fxe6 fxe6 22. Nhf5 exf5 23. Nxf5 Bxf5 24. Bxd5+ Nxd5 25. Qxd5+ Rf7 26. Rxf5
Qc6 27. Qxc6 bxc6 28. Rxf7 Kxf7 29. Kg2 Rd8 30. Rf1+ Ke6 31. Re1+ Be5 32. Kf2
Rd2+ 33. Re2 Rxe2+ 34. Kxe2 Kf5 35. Kf3 Bc7 36. h4 Ke5 37. Ke3 Kd5 38. g4 Ke5
39. c4 Bd8 40. h5 Bg5+ 41. Kf3 Kd4 42. b3 Kd3 43. Kg3 a5 44. Kf3 c5 45. Kg3 Kc3
46. Kf3 Kb2 47. Ke2 Kxa2 48. Kd3 Kxb3 0-1

[Event "East Detroit (MCO/1/20)"]
[Site "?"]
[Date "1984.??.??"]
[Round "?"]
[White "Burwell, Raymond"]
[Black "Kulbacki, James"]
[Result "0-1"]
[WhiteElo "1605"]
[BlackElo "1975"]
[PlyCount "102"]
[EventDate "1984.??.??"]

{1/(20)} 1. e4 e6 2. d4 d5 3. exd5 exd5 4. Nf3 Nf6 5. Be2 Be7 6. O-O O-O 7. Re1
Re8 8. c3 c6 9. Qc2 Bg4 10. Nbd2 Bd6 11. Bd3 Rxe1+ 12. Nxe1 Qc7 13. Ndf3 Nbd7
14. Bd2 Re8 15. Bf5 g6 16. Bxg4 Nxg4 17. h3 Ngf6 18. Nd3 Ne4 19. Re1 Ndf6 20.
Bh6 b6 21. Nde5 c5 22. Qd1 cxd4 23. cxd4 Rc8 24. Qd3 Nh5 25. Ng5 Bxe5 26. dxe5
Qxe5 27. Nxe4 dxe4 28. Qxe4 Qxe4 29. Rxe4 Ng7 30. Re7 Nf5 31. Rxa7 Nxh6 32. Rb7
Rc6 33. b4 Nf5 34. a4 Kg7 35. g4 Nd6 36. Rb8 Rc1+ 37. Kg2 Nc4 38. Ra8 Rb1 39.
a5 Rxb4 40. a6 Ra4 41. a7 b5 42. Rb8 Rxa7 43. Rxb5 Ra5 44. Rb7 Ra2 45. Kg3 Ra3+
46. Kg2 g5 47. Rc7 Rc3 48. Ra7 h6 49. Rb7 Ne5 50. Rb1 Ng6 51. f3 Nh4+ 0-1

[Event "East Detroit (MCO/4/32)"]
[Site "?"]
[Date "1984.??.??"]
[Round "?"]
[White "Burwell, Raymond"]
[Black "Becker, A.."]
[Result "1-0"]
[WhiteElo "1605"]
[BlackElo "1665"]
[PlyCount "45"]
[EventDate "1984.??.??"]

{4/(32)} 1. e4 c5 2. Nf3 e6 3. d4 cxd4 4. Nxd4 a6 5. Nc3 g6 6. Be2 Bg7 7. Be3
Ne7 8. Qd2 O-O 9. Bh6 Nbc6 10. Bxg7 Kxg7 11. h4 f5 12. h5 f4 13. hxg6 hxg6 14.
g3 e5 15. Nf3 Rh8 16. O-O-O Rxh1 17. Rxh1 Qb6 18. gxf4 Qxf2 19. fxe5 Ng8 20.
Ng5 Nxe5 21. Rh7+ Kf6 22. Qd6+ Kxg5 23. Qxe5+ 1-0

[Event "East Detroit (MCO/1/7)"]
[Site "?"]
[Date "1984.??.??"]
[Round "?"]
[White "Brooks, John"]
[Black "Proszkow, T.."]
[Result "1-0"]
[WhiteElo "2135"]
[BlackElo "1650"]
[PlyCount "95"]
[EventDate "1984.??.??"]

{1/(7)} 1. d4 Nf6 2. c4 g6 3. Nc3 Bg7 4. e4 d6 5. f4 e6 6. Nf3 O-O 7. Be2 Nbd7
8. O-O b6 9. Kh1 Bb7 10. Qc2 Rc8 11. Be3 Ng4 12. Bg1 Ngf6 13. Rad1 c6 14. b4
Qe7 15. e5 Ne8 16. exd6 Nxd6 17. c5 Ne8 18. Ne5 Nef6 19. Nc4 Ne8 20. Ne4 Nef6
21. Nxf6+ Bxf6 22. Nd6 Rc7 23. Qa4 Ba8 24. Bf3 Bg7 25. Rfe1 Nf6 26. Qa6 Rb8 27.
f5 Nd5 28. fxe6 fxe6 29. Qa3 Qf6 30. Bxd5 cxd5 31. Qh3 Re7 32. Rf1 Qg5 33. Be3
Qh5 34. Qxh5 gxh5 35. Bg5 Rd7 36. Rfe1 bxc5 37. bxc5 Rb4 38. Rxe6 Rb8 39. h4
Bf8 40. Nf5 Rf7 41. Rf1 Bb7 42. Rf3 Rxf5 43. Rxf5 Bc8 44. Ref6 Bxf5 45. Rxf5
Rb2 46. Rxd5 Rxa2 47. Bf4 a5 48. c6 1-0

[Event "East Detroit (MCO/3/10)"]
[Site "?"]
[Date "1984.??.??"]
[Round "?"]
[White "Brooks, John"]
[Black "Petty, M.."]
[Result "1-0"]
[WhiteElo "2135"]
[BlackElo "1790"]
[PlyCount "51"]
[EventDate "1984.??.??"]

{3/(10)} 1. d4 d5 2. c4 c6 3. Nc3 Nf6 4. e3 e6 5. Nf3 Bd6 6. Bd3 Nbd7 7. e4
dxe4 8. Nxe4 Nxe4 9. Bxe4 Nf6 10. Bc2 Qa5+ 11. Bd2 Bb4 12. O-O Bxd2 13. Nxd2
Qb6 14. Nb3 O-O 15. Re1 Rd8 16. Re5 Qc7 17. Qe2 b6 18. Rg5 Qf4 19. Rg3 c5 20.
dxc5 bxc5 21. Nxc5 Rd2 22. Rd1 Rxd1+ 23. Qxd1 Qc7 24. Qf3 Rb8 25. Qxf6 g6 26.
Rd3 1-0

[Event "Plymouth (MI Op/4/8)"]
[Site "?"]
[Date "1984.??.??"]
[Round "?"]
[White "Brooks, John"]
[Black "Maring, L.."]
[Result "1-0"]
[WhiteElo "2125"]
[BlackElo "1945"]
[PlyCount "101"]
[EventDate "1984.??.??"]

{4/(8)} 1. Nf3 Nc6 2. c4 e5 3. Nc3 Nf6 4. d4 exd4 5. Nxd4 Nxd4 6. Qxd4 d6 7. g3
Be7 8. Bg2 O-O 9. O-O c6 10. e4 Be6 11. h3 Nd7 12. b3 Bf6 13. Qd3 Nc5 14. Qd2
Qe7 15. Bb2 Rad8 16. Rad1 Bc8 17. Kh2 g6 18. Rfe1 Rfe8 19. f4 Qf8 20. Qf2 b6
21. b4 Ne6 22. e5 dxe5 23. Ne4 Bg7 24. fxe5 Qxb4 25. Nd6 Rf8 26. Bxc6 Ba6 27.
Qe2 Rxd6 28. Rxd6 Bxc4 29. Qd2 Qxd2+ 30. Rxd2 Bxa2 31. Ba3 Bc4 32. Bxf8 Bxf8
33. Rd7 a5 34. Rc1 Bb3 35. Ra7 Bc5 36. Rf1 Nd4 37. Be8 Nf5 38. g4 Nh6 39. Rf3
Be6 40. Rd3 g5 41. Rd8 Kg7 42. Bd7 b5 43. Rb7 Bc4 44. Bxb5 Bxb5 45. Rxb5 Bb4
46. Rd7 Ng8 47. Rbb7 Nh6 48. e6 Kf6 49. exf7 Kg7 50. f8=Q+ Kxf8 51. Rd8# 1-0

[Event "Plymouth (MI Op/6/2)"]
[Site "?"]
[Date "1984.??.??"]
[Round "?"]
[White "Brooks, John"]
[Black "Jarosz, Stan"]
[Result "0-1"]
[WhiteElo "2125"]
[BlackElo "2035"]
[PlyCount "102"]
[EventDate "1984.??.??"]

{6/(2)} 1. Nf3 d5 2. d4 Nf6 3. c4 e6 4. Nc3 Be7 5. Qa4+ Nbd7 6. Bf4 c6 7. c5
Nh5 8. e3 Nxf4 9. exf4 Qc7 10. g3 f6 11. Bh3 e5 12. fxe5 fxe5 13. Bxd7+ Bxd7
14. Nxe5 O-O 15. Nxd5 cxd5 16. Qxd7 Qa5+ 17. Kd1 Rxf2 18. Qxd5+ Kh8 19. Nc4
Qa4+ 20. b3 Qb4 21. Qe4 Bxc5 22. Qd3 Rd8 23. d5 b5 24. a3 Rxd5 25. axb4 Rxd3+
26. Ke1 Bd4 27. Rd1 Rxd1+ 28. Kxd1 bxc4 29. bxc4 Ra2 30. Rf1 Ra1+ 31. Ke2 Rxf1
32. Kxf1 Kg8 33. Ke2 Kf7 34. Kd3 Bg1 35. h3 Ke6 36. Ke4 Bh2 37. g4 g5 38. Kd4
Bg1+ 39. Ke4 Bf2 40. Kd3 Ke5 41. Ke2 Bg3 42. Kd3 Be1 43. b5 Bf2 44. Ke2 Bg1 45.
Kd3 Bd4 46. Kc2 Ke4 47. Kb3 Bc5 48. Kc3 Ke3 49. Kc2 Kd4 50. Kb3 Kd3 51. Ka4
Kxc4 0-1

[Event "East Detroit (MCO/5/3)"]
[Site "?"]
[Date "1984.??.??"]
[Round "?"]
[White "Brooks, John"]
[Black "Jarosz, Stan"]
[Result "1-0"]
[WhiteElo "2135"]
[BlackElo "2030"]
[PlyCount "65"]
[EventDate "1984.??.??"]

{5/(3)} 1. e4 e6 2. d4 d5 3. e5 c5 4. Qg4 cxd4 5. Bd3 Nc6 6. Nf3 Qc7 7. Bf4 Nb4
8. O-O Nxd3 9. cxd3 Ne7 10. Nxd4 Qb6 11. Nb3 Ng6 12. Be3 Qc7 13. d4 Be7 14. Nc3
Bd7 15. Rfc1 Qb6 16. f4 Qd8 17. Qh5 Nh4 18. Bf2 g6 19. Qe2 h5 20. Nc5 Bc6 21.
b4 Bxc5 22. dxc5 Nxg2 23. Kxg2 d4+ 24. Ne4 g5 25. Kf1 d3 26. Qe3 gxf4 27. Qxf4
d2 28. Nd6+ Qxd6 29. cxd6 Bb5+ 30. Kg1 Rg8+ 31. Bg3 dxc1=Q+ 32. Rxc1 Rg4 33.
Qf6 1-0